Southville International School and Colleges
Your cart is empty.
  • Cart
  • Lists
    Public lists Eva Luna New books Lux_list list_1
    Your lists Log in to create your own lists
  • Log in to your account
  • Your cookies
  • Search history
Southville International School and Colleges
  • Advanced search
  • Recent comments
  • Most popular
  • Libraries

Log in to your account

Log in with GOOGLE


If you do not have an external account, but do have a local account, you can still log in:

  1. Home
  2. MARC view: Underground clinical vignettes :
Normal view MARC view ISBD view

Underground clinical vignettes : (Record no. 19700)

[ view plain ]
MARC details
000 -LEADER
fixed length control field 00512nam a2200181 a 4500
005 - DATE AND TIME OF LATEST TRANSACTION
control field 20140310183153.0
008 - FIXED-LENGTH DATA ELEMENTS--GENERAL INFORMATION
fixed length control field 021014s19uu xx 00 eng d
050 ## - LIBRARY OF CONGRESS CALL NUMBER
Classification number RM 301
Item number .B465 1999
100 ## - MAIN ENTRY--PERSONAL NAME
Personal name Bhushan, Vikas
245 ## - TITLE STATEMENT
Title Underground clinical vignettes :
Remainder of title pharmacology /
Statement of responsibility, etc Vikas Bhushan.
260 ## - PUBLICATION, DISTRIBUTION, ETC. (IMPRINT)
Place of publication, distribution, etc U.S.A :
Name of publisher, distributor, etc Blackwell Science,
Date of publication, distribution, etc 1999.
300 ## - PHYSICAL DESCRIPTION
Extent 100 p. :
Dimensions 26 cm.
440 ## - SERIES STATEMENT/ADDED ENTRY--TITLE
Title USMLE step 1
521 ## - TARGET AUDIENCE NOTE
Target audience note
650 ## - SUBJECT ADDED ENTRY--TOPICAL TERM
Topical term or geographic name as entry element Pharmacology
General subdivision case studies
942 ## - ADDED ENTRY ELEMENTS (KOHA)
Koha item type Books
Source of classification or shelving scheme Library of Congress Classification
Call number prefix Foreign
Holdings
Withdrawn status Lost status Source of classification or shelving scheme Damaged status Home library Current library Shelving location Date acquired Total Checkouts Full call number Barcode Date last seen Copy number Price effective from Koha item type
    Library of Congress Classification   College Library College Library General Circulation Section     RM 301 .B465 1999 C1039 05/15/2018 1 03/10/2014 Books

Underground clinical vignettes :

APA

Bhushan V., . (1999). Underground clinical vignettes. U.S.A: Blackwell Science.

Chicago

Bhushan Vikas, . 1999. Underground clinical vignettes. U.S.A: Blackwell Science.

Harvard

Bhushan V., . (1999). Underground clinical vignettes. U.S.A: Blackwell Science.

MLA

Bhushan Vikas, . Underground clinical vignettes. U.S.A: Blackwell Science. 1999.

  • Place hold
  • Print
  • Cite
  • Add to your cart (remove)
  • Save record
    BIBTEX Dublin Core MARCXML MARC (non-Unicode/MARC-8) MARC (Unicode/UTF-8) MARC (Unicode/UTF-8, Standard) MODS (XML) RIS
  • More searches
    Search for this title in:
    Other Libraries (WorldCat) Other Databases (Google Scholar) Online Stores (Bookfinder.com) Open Library (openlibrary.org)

Exporting to Dublin Core...

SOUTHVILLE LIBRARY

Southville International School and Colleges Library

1281 Tropical Ave. Cor. Luxembourg St., BF Homes International, Las Pinas City

Tel. No. 8256374 / 252358 Loc. 117/146

Powered by Koha